Т. 2 : (секции 7, 8, 9, 10, 11, 12, 13); Современная газотранспортная отрасль: перспективы, проблемы, решения

Bibliografiset tiedot
Parent link:Газпром. Современная газотранспортная отрасль: перспективы, проблемы, решения: материалы IX научно-практической конференции молодых ученых и специалистов, 9-11 апреля 2019 г., г. Томск. Т. 2 : (секции 7, 8, 9, 10, 11, 12, 13).— .— Томск: Офсет центр, 2019.— 978-5-6042143-8-1
Kieli:venäjä
Julkaistu: 2019
Aiheet:
Aineistotyyppi: Kirja
KOHA link:https://koha.lib.tpu.ru/cgi-bin/koha/opac-detail.pl?biblionumber=670869

MARC

LEADER 00000nam2a2200000 4500
001 670869
005 20240627143721.0
090 |a 670869 
100 |a 20240222d2019 k||y0rusy50 ca 
101 0 |a rus 
102 |a RU 
105 |a a z 101yy 
181 0 |a i   |b  e  
182 0 |a n 
183 0 |a nc  |2 RDAcarrier 
200 0 |a  Т. 2 : (секции 7, 8, 9, 10, 11, 12, 13) 
203 |a Текст  |b визуальный  |c непосредственный 
210 |d 2019 
215 |a 527 с.  |c ил. 
283 |a volume  |2 RDAcarrier 
320 |a Библиография в конце статей 
461 1 |0 673101  |9 673101  |a Газпром  |c Томск  |d 2019  |n Офсет центр  |o материалы IX научно-практической конференции молодых ученых и специалистов, 9-11 апреля 2019 г., г. Томск  |y 978-5-6042143-8-1  |t Современная газотранспортная отрасль: перспективы, проблемы, решения  |v  Т. 2 : (секции 7, 8, 9, 10, 11, 12, 13) 
606 1 |a Газопроводы  |9 87770 
610 1 |a магистральные трубопроводы 
610 1 |a информационные технологии 
610 1 |a информационная безопасность 
610 1 |a технологическая связь 
610 1 |a персонал 
610 1 |a управление 
610 1 |a документационное обеспечение 
610 1 |a финансово-экономическая деятельность 
610 1 |a инвестиционная деятельность 
610 1 |a бухгалтерский учет 
610 1 |a налоговый учет 
610 1 |a газотранспортные предприятия 
610 1 |a правовые вопросы 
610 1 |a материально-техническое обеспечение 
610 1 |a Газпром 
610 1 |a дочерние общества 
610 1 |a газопрово Сила Сибири 
610 1 |a конференции 
675 |a 622.691.4(063)  |v 4 
801 0 |a RU  |b 63413507  |c 20240222 
850 |a 63413507 
942 |c BK